000 00636nam a2200205Ia 4500
008 191130s2009##################000#0#eng##
020 _a9780521848329
040 _aACL
_cACL
082 _a153 ROB
245 _aThe Cambridge handbook of situated cognition
_cedited by Philip Robbins, Murat Aydede
260 _aCambridge
_bCambridge University Press
_c2009
300 _axi, 520 p. : ill. 26 cm.
500 _aIncludes bibliographical references and index
650 _aCognition
700 _aAydede, Murat
700 _aRobbins, Philip
990 _aa02ca2c7ac10000c56ce7a0ae55cd778
991 _a213593
999 _c302123
_d302123